| 000 | 00528nam a2200181Ia 4500 | ||
|---|---|---|---|
| 003 | OSt | ||
| 005 | 20201109155846.0 | ||
| 008 | 190216s9999||||xx |||||||||||||| ||und|| | ||
| 020 | _a0852264445 | ||
| 040 | _coclc | ||
| 082 |
_a514.322 _bJOS/I |
||
| 100 |
_aJoshi, K D _93777 |
||
| 245 | 0 |
_aIntroduction To General Topology / _cK D Joshi |
|
| 260 |
_bNew Age International Publishers, _c1983. _aNew Delhi: |
||
| 300 | _a412p | ||
| 650 | _aMathematics | ||
| 942 |
_cBK _2ddc _h514.322 _iJOS/I _k514.322 _mJOS/I |
||
| 999 |
_c31714 _d31714 |
||